| 000 | 00424nam a2200181Ia 4500 | ||
|---|---|---|---|
| 005 | 20250603144853.0 | ||
| 008 | 250603s9999 xx 000 0 und d | ||
| 020 | _a9789350142677 | ||
| 050 | _aQE 75 .S56/ | ||
| 100 | _aSingh, Parbin | ||
| 245 | 0 | _aEngineering and general geology | |
| 260 | _aNew Delhi | ||
| 260 | _bS. K. Kataria & Sons | ||
| 260 | _c2014 | ||
| 300 | _a591 p | ||
| 650 | _aNew Delhi | ||
| 942 | _cBK | ||
| 999 |
_c40198 _d40198 |
||